Statistics for September 11th: Birthdays

Click here to take the quiz!

General Stats

  • This quiz has been taken 3 times
  • The average score is 3 of 10

Answer Stats

YearClueAnswer% Correct
1965President of SyriaBashar al-Assad
67%
1885Wrote Lady Chatterley's LoverD. H. Lawrence
67%
1917President of the PhilippinesFerdinand Marcos
67%
1924Coach of the Dallas CowboysTom Landry
67%
1916Founder of NFL FilmsEd Sabol
33%
1967Artist of We Are in LoveHarry Connick Jr
33%
1932US SenatorBob Packwood
0%
1862Wrote Cabbages and KingsO. Henry
0%
1982Human Rights activistSviatlana Tsikhanouskaya
0%
1942Tim Ried's partnerTom Dreesen
0%

Score Distribution

Percentile by Number Answered

Percent of People with Each Score

Your Score History

You have not taken this quiz